000 01265nam a2200325 i 4500
003 EG-GICUC
005 20260121101207.0
008 251111s1965 ua ||||f |||| 00| 0 ara d
040 _a EG-GICUC
_bara
_c EG-GICUC
_d EG-GICUC
_erda
082 0 4 _221
_a 345
_bچ و . ت
092 0 4 _221
099 _aLaw1 07 345 چ و . ت 1965
100 0 _aچون م .فيفنر
_eمؤلف.
245 _a التنظيم الإدراي /
_cتأليف چون م .فيفنر
264 _aالقاهرة :
_bمكتبة النهضة المصرية ,
_c1965.
300 _a568 صفحة
_c24 سم
336 _2rda content
_atext
337 _2rda media
_aComputer
338 _2rda carrier
_aOnline Resource
500 _aيشتمل علي ارجاعات ببليوجرافية
546 _aالنص أغلبه باللغة العربية بعض النصوص الإنجليزية والفرنسية
650 1 _aالقانون الإداري
_2qrmak
651 1 _2qrmak
700 _aفرانك ب . شيروود
_eمؤلف مشارك.
700 _aخير الدين عبد القوي
_eمراجع.
700 _aمحمد توفيق رمزي
_eمترجم.
856 4 0 _uhttps://fll.law.cu.edu.eg/fulltext/bks/B07-00759.pdf
905 _a74
942 _2ddc
_n0
_cBK
_e21
999 _c42404
_d42404